Management of Telecommunications (Record no. 1474)

MARC details
000 -LEADER
fixed length control field 00426nam a22001697a 4500
005 - DATE AND TIME OF LATEST TRANSACTION
control field 20160523163531.0
008 - FIXED-LENGTH DATA ELEMENTS--GENERAL INFORMATION
fixed length control field 160523b xxu||||| |||| 00| 0 eng d
020 ## - INTERNATIONAL STANDARD BOOK NUMBER
ISBN 0-07-058286-6
041 ## - LANGUAGE CODE
Language code of text/sound track or separate title eng
082 ## - DEWEY DECIMAL CLASSIFICATION NUMBER
Item number 4435
100 ## - MAIN ENTRY--AUTHOR NAME
Personal name Synder, Charles A
245 ## - TITLE STATEMENT
Title Management of Telecommunications
260 ## - PUBLICATION, DISTRIBUTION, ETC. (IMPRINT)
Place of publication New Delhi
Name of publisher Academic Faundation
300 ## - PHYSICAL DESCRIPTION
Number of Pages 764
650 ## - SUBJECT ADDED ENTRY--TOPICAL TERM
Topical Term Information Technology
942 ## - ADDED ENTRY ELEMENTS (KOHA)
Koha item type Books
Holdings
Lost status Damaged status Collection code Home library Current library Shelving location Date acquired Cost, normal purchase price Full call number Accession Number Koha item type
    LIFE SKILL JRU Library JRU Library SHELF- 67 F 23/05/2016 375.00 4435 4435 Books
    LIFE SKILL JRU Library JRU Library SHELF- 67 F 23/05/2016 375.00 4435 4436 Books
    LIFE SKILL JRU Library JRU Library SHELF- 67 F 23/05/2016 375.00 4435 4437 Books